Digital signal processing : (Record no. 592705)
[ view plain ]
| 000 -LEADER | |
|---|---|
| fixed length control field | 01302cam a22003137a 4500 |
| 001 - CONTROL NUMBER | |
| control field | 14421832 |
| 003 - CONTROL NUMBER IDENTIFIER | |
| control field | NUST |
| 005 - DATE AND TIME OF LATEST TRANSACTION | |
| control field | 20221216095836.0 |
| 008 - FIXED-LENGTH DATA ELEMENTS--GENERAL INFORMATION | |
| fixed length control field | 060621s2005 enka b 001 0 eng d |
| 010 ## - LIBRARY OF CONGRESS CONTROL NUMBER | |
| LC control number | 2006296399 |
| 015 ## - NATIONAL BIBLIOGRAPHY NUMBER | |
| National bibliography number | GBA579434 |
| Source | bnb |
| 016 7# - NATIONAL BIBLIOGRAPHIC AGENCY CONTROL NUMBER | |
| Record control number | 013296559 |
| Source | Uk |
| 020 ## - INTERNATIONAL STANDARD BOOK NUMBER | |
| International Standard Book Number | 0470017694 (hbk.) |
| 024 3# - OTHER STANDARD IDENTIFIER | |
| Standard number or code | 9780470017692 (hbk.) |
| 035 ## - SYSTEM CONTROL NUMBER | |
| System control number | (OCoLC)ocm61702378 |
| 040 ## - CATALOGING SOURCE | |
| Original cataloging agency | UKM |
| Transcribing agency | UKM |
| Modifying agency | BWKUK |
| -- | VP@ |
| -- | DLC |
| 042 ## - AUTHENTICATION CODE | |
| Authentication code | lccopycat |
| 082 04 - DEWEY DECIMAL CLASSIFICATION NUMBER | |
| Classification number | 621.3822,RAN |
| 100 1# - MAIN ENTRY--PERSONAL NAME | |
| Personal name | Rangarao, Kaluri. |
| 9 (RLIN) | 105035 |
| 245 10 - TITLE STATEMENT | |
| Title | Digital signal processing : |
| Remainder of title | a practitioner's approach / |
| Statement of responsibility, etc. | Kaluri Venkata Rangarao, Ranjan Mallik. |
| 260 ## - PUBLICATION, DISTRIBUTION, ETC. | |
| Place of publication, distribution, etc. | Chichester, England ; |
| -- | Hoboken, NJ : |
| Name of publisher, distributor, etc. | John Wiley, |
| Date of publication, distribution, etc. | c2005. |
| 300 ## - PHYSICAL DESCRIPTION | |
| Extent | xvi, 191 p. : |
| Other physical details | ill. ; |
| Dimensions | 24 cm. |
| 505 ## - FORMATTED CONTENTS NOTE | |
| Formatted contents note | Processing of Signals (Page-1), Revisiting Basics (Page-21), Digital Filters (Page-45), Fourier Transform and Signal Spectrum (Page-79), Realization of Digital Filters (Page-101), Case Studies (Page-121). |
| 650 #0 - SUBJECT ADDED ENTRY--TOPICAL TERM | |
| Topical term or geographic name entry element | Signal processing |
| General subdivision | Digital techniques. |
| 9 (RLIN) | 55548 |
| 700 1# - ADDED ENTRY--PERSONAL NAME | |
| Personal name | Mallik, Ranjan K. |
| 9 (RLIN) | 105036 |
| 856 42 - ELECTRONIC LOCATION AND ACCESS | |
| Materials specified | Publisher description |
| Uniform Resource Identifier | <a href="http://www.loc.gov/catdir/enhancements/fy0653/2006296399-d.html">http://www.loc.gov/catdir/enhancements/fy0653/2006296399-d.html</a> |
| 856 41 - ELECTRONIC LOCATION AND ACCESS | |
| Materials specified | Table of contents only |
| Uniform Resource Identifier | <a href="http://www.loc.gov/catdir/enhancements/fy0653/2006296399-t.html">http://www.loc.gov/catdir/enhancements/fy0653/2006296399-t.html</a> |
| 942 ## - ADDED ENTRY ELEMENTS (KOHA) | |
| Source of classification or shelving scheme | |
| Koha item type | Book |
| Withdrawn status | Lost status | Source of classification or shelving scheme | Damaged status | Not for loan | Permanent Location | Current Location | Shelving location | Date acquired | Full call number | Barcode | Date last seen | Price effective from | Koha item type | Public note |
|---|---|---|---|---|---|---|---|---|---|---|---|---|---|---|
| Military College of Signals (MCS) | Military College of Signals (MCS) | General Stacks | 12/16/2022 | 621.3822,RAN | MCS33455 | 12/16/2022 | 12/16/2022 | Book | Almirah No.37, Shelf No.1 |
